Normal view
MARC view
- T.J. Pandian
Entry Personal Name
001 - CONTROL NUMBER
- control field: 2842
003 - CONTROL NUMBER IDENTIFIER
- control field: OSt
005 - DATE AND TIME OF LATEST TRANSACTION
- control field: 20251010141238.0
008 - FIXED-LENGTH DATA ELEMENTS
- fixed length control field: 251010|| aca||aabn | a|a d
040 ## - CATALOGING SOURCE
- Original cataloging agency: OSt
- Transcribing agency: OSt
100 ## - HEADING--PERSONAL NAME
- Personal name: T.J. Pandian
670 ## - SOURCE DATA FOUND
- Source citation: Work cat.: (OSt)752192: T.J. Pandian, Evolution and speciation in fungi and eukaryotic biodiversity /, c2024.
